000 00502nam a2200157Ia 4500
003 OSt
005 20230529112741.0
008 211028s2008 xx 000 0 und d
040 _cAIMIT LIBRARY
041 _aeng
100 _aRai, B Krithika; Vijay, Deborah.
_g60471515
_99000
110 _aDeborah Vijay
_99001
245 _aBioinformatic approach for validation of novel antimalarial drugs targeting superoxide dismutase of plasmodium falciparum.
260 _aMangalore
_c2008
942 _2ddc
_cPRO
999 _c220163
_d220163